Periodic Table of Elements - in Order - Statistics

General Stats
  • This quiz has been taken 8,332 times
  • The average score is 52 of 118
Answer Stats
# Symbol Element % Correct
1 H Hydrogen
99%
2 He Helium
97%
3 Li Lithium
93%
4 Be Beryllium
90%
6 C Carbon
89%
5 B Boron
88%
7 N Nitrogen
88%
8 O Oxygen
88%
10 Ne Neon
85%
9 F Fluorine
84%
11 Na Sodium
82%
12 Mg Magnesium
80%
13 Al Aluminium
77%
14 Si Silicon
76%
15 P Phosphorus
75%
18 Ar Argon
74%
17 Cl Chlorine
74%
16 S Sulfur
74%
19 K Potassium
72%
20 Ca Calcium
71%
21 Sc Scandium
66%
22 Ti Titanium
66%
23 V Vanadium
65%
26 Fe Iron
64%
24 Cr Chromium
63%
27 Co Cobalt
63%
25 Mn Manganese
63%
29 Cu Copper
62%
28 Ni Nickel
62%
30 Zn Zinc
61%
31 Ga Gallium
60%
32 Ge Germanium
60%
36 Kr Krypton
60%
33 As Arsenic
58%
35 Br Bromine
58%
34 Se Selenium
56%
37 Rb Rubidium
54%
38 Sr Strontium
52%
39 Y Yttrium
51%
40 Zr Zirconium
49%
47 Ag Silver
46%
42 Mo Molybdenum
45%
41 Nb Niobium
45%
43 Tc Technetium
45%
54 Xe Xenon
45%
53 I Iodine
43%
46 Pd Palladium
43%
50 Sn Tin
43%
51 Sb Antimony
42%
55 Cs Cesium
42%
49 In Indium
42%
45 Rh Rhodium
42%
44 Ru Ruthenium
42%
56 Ba Barium
41%
48 Cd Cadmium
41%
57 La Lanthanum
38%
52 Te Tellurium
38%
58 Ce Cerium
34%
79 Au Gold
33%
59 Pr Praseodymium
33%
86 Rn Radon
33%
80 Hg Mercury
32%
60 Nd Neodymium
32%
63 Eu Europium
31%
87 Fr Francium
31%
78 Pt Platinum
31%
61 Pm Promethium
31%
62 Sm Samarium
31%
74 W Tungsten
31%
82 Pb Lead
30%
88 Ra Radium
30%
92 U Uranium
30%
89 Ac Actinium
29%
85 At Astatine
29%
72 Hf Hafnium
29%
93 Np Neptunium
29%
94 Pu Plutonium
29%
83 Bi Bismuth
28%
64 Gd Gadolinium
28%
71 Lu Lutetium
28%
76 Os Osmium
28%
73 Ta Tantalum
28%
65 Tb Terbium
28%
70 Yb Ytterbium
28%
66 Dy Dysprosium
27%
68 Er Erbium
27%
67 Ho Holmium
27%
77 Ir Iridium
27%
84 Po Polonium
27%
75 Re Rhenium
27%
95 Am Americium
26%
99 Es Einsteinium
26%
81 Tl Thallium
26%
90 Th Thorium
26%
69 Tm Thulium
26%
97 Bk Berkelium
25%
98 Cf Californium
25%
96 Cm Curium
25%
91 Pa Protactinium
25%
118 Og Oganesson
24%
100 Fm Fermium
23%
103 Lr Lawrencium
23%
101 Md Mendelevium
23%
102 No Nobelium
23%
104 Rf Rutherfordium
23%
117 Ts Tennessine
23%
105 Db Dubnium
21%
115 Mc Moscovium
21%
106 Sg Seaborgium
21%
107 Bh Bohrium
20%
116 Lv Livermorium
20%
108 Hs Hassium
19%
112 Cn Copernicium
18%
110 Ds Darmstadtium
18%
114 Fl Flerovium
18%
109 Mt Meitnerium
18%
113 Nh Nihonium
18%
111 Rg Roentgenium
18%
No matching quizzes found
Score Distribution
Percent of People with Each Score
Percentile by Number Answered
Your Score History
You have not taken this quiz